| 000 | 00818nam a2200205 a 4500 | ||
|---|---|---|---|
| 001 | 000930561 | ||
| 003 | AM-YEHGA | ||
| 005 | 20260413103344.0 | ||
| 008 | 121126s1895 ru ||||| |||| 00| 0 rus d | ||
| 040 |
_aAM-YEHGA _cAM-YEHGA |
||
| 041 | 1 |
_arus _hfre |
|
| 100 | 1 | _aЛетурно, Шарль | |
| 245 | 1 | 0 |
_aЛитературное развитие различных племен и народов / _cШарль Летурно; Пер. с фр. В.В. Святловского. |
| 250 | _aИзд. Ф. Павленкова | ||
| 260 |
_aСанкт-Петербург : _bТип. "Обществ. польза", _c1895. |
||
| 300 | _a[8], 372 с. | ||
| 650 | 1 | 4 | _aЛитературоведение |
| 700 | 1 |
_aСветловский, Владимир Владимирович _eпер. _4trl |
|
| 942 |
_2udc _cBK |
||
| 999 |
_c317912 _d317912 |
||